000 00624nam a2200193 i 4500
001 21156
003 ES-MaACL
005 20230906152430.0
007 t|
008 021121s1910 sp ||||1| spa d
100 1 _aAdam, Curt.
_918357
245 1 0 _aManual de terapéutica de las enfermedades de los ojos /
_cpor Curt Adam ; con un prólogo de von Michel ; edición española por M. Gradaille.
260 _aLa Coruña :
_bEl Noroeste,
_c1910.
300 _a256 p. ;
_c19 cm.
650 4 _aOjos-
_xEnfermedades.
_9139434
700 1 _aMichel, von.
_980906
700 1 _aGradaille, M.
_959490
852 _aES-MaACL
_jF-11422
999 _c21156
_d21156